| 000 | 00670nam a2200157 a 4500 | ||
|---|---|---|---|
| 001 | 000005037 | ||
| 005 | 20200929151550.0 | ||
| 008 | 090729s1998 dr 000 0 spa d | ||
| 040 |
_aDO-SdBNP _bspa _cBNPHU |
||
| 082 |
_axxxx _bG393u |
||
| 245 | 0 | 0 |
_aGestión urbana ambiental y participación : _bmanejo integral de residuos sólidos en la ciudad de Santo Domingo. |
| 260 |
_aSanto Domingo : _bcoalición para el habitat en la República Domincana ; Centro de Estudios Sociales P. Juan Montalvo, _c1998. |
||
| 300 |
_a95 p. ; _c23 cm. |
||
| 504 | _aIncluye referencias bibliográficas y notas al pie de las páginas | ||
| 650 | 4 |
_aBasuras _xEliminación de desperdicios _914504 |
|
| 999 |
_c4842 _d4842 |
||